000 00316nam a22001457a 4500
008 210531b ||||| |||| 00| 0 eng d
020 _a021898630186
041 _aeng
080 _a510
082 _a510
100 _a38
101 _aMAT
245 _aHelping your Child with Math
_cSol Weiss
942 _2udc
_cBK
999 _c57863
_d57863